La reapropiación internacional de modelos organizacionales. Algunas reflexiones sobre la experiencia japonesa (Record no. 169596)
[ view plain ]
| 000 -CABECERA | |
|---|---|
| campo de control de longitud fija | 00794nab a2200229 a 4500 |
| 005 - FECHA Y HORA DE LA ÚLTIMA TRANSACCIÓN | |
| campo de control | 20210219162100.0 |
| 008 - ELEMENTOS DE LONGITUD FIJA--INFORMACIÓN GENERAL | |
| campo de control de longitud fija | 991125s1985 mx 000 0 spa u |
| 035 ## - NÚMERO DE CONTROL DEL SISTEMA | |
| Número de control de sistema | UPN01000197495 |
| 049 ## - COLECCIÓN | |
| Colección | ART |
| 100 1# - ASIENTO PRINCIPAL--NOMBRE PERSONAL | |
| Nombre de persona | Montaño Hirose, Luis |
| 100 1# - ASIENTO PRINCIPAL--NOMBRE PERSONAL | |
| Filiación | lmh@xanum.uam.mx |
| 222 ## - TÍTULO CLAVE | |
| Título clave | IZTAPALAPA : |
| Información calificativa | REVISTA DE CIENCIAS SOCIALES Y HUMANIDADES |
| 245 ## - MENCIÓN DE TÍTULO | |
| Título | La reapropiación internacional de modelos organizacionales. Algunas reflexiones sobre la experiencia japonesa |
| 260 ## - PUBLICACIÓN, DISTRIBUCIÓN, ETC. | |
| Lugar de publicación, distribución, etc. | México |
| 300 ## - DESCRIPCIÓN FÍSICA | |
| Extensión | 245-264 |
| 362 0# - FECHAS DE PUBLICACIÓN Y/O DESIGNACIÓN SECUENCIAL | |
| Fecha de publicación y/o designación secuencial | 2003 Año 24, no. 54, ene.-jun. |
| 653 0# - TERMINO DE INDIZACION - NO CONTROLADO | |
| Término no controlado | MODELO ORGANIZACIONAL |
| 653 0# - TERMINO DE INDIZACION - NO CONTROLADO | |
| Término no controlado | CRISIS ECONOMICA |
| 653 0# - TERMINO DE INDIZACION - NO CONTROLADO | |
| Término no controlado | TRANSFERENCIA |
| 856 ## - LOCALIZACIÓN Y ACCESO ELECTRÓNICOS | |
| Identificador Uniforme del Recurso | <a href="http://tesiuami.uam.mx/revistasuam/iztapalapa/include/getdoc.php?id=1457&article=1486&mode=pdf">http://tesiuami.uam.mx/revistasuam/iztapalapa/include/getdoc.php?id=1457&article=1486&mode=pdf</a> |
| 905 ## - TIPO DE MATERIAL | |
| Tipo de material | Articulo |
No items available.
